000 00618cam a22002293a 4500
001 29117
003 PGUSA
005 20140828083629.0
008 090614s2009||||xxu|||||s|||||000 | eng d
040 _aPGUSA
_beng
042 _adc
050 4 _aHV
100 1 _aAndrews, William,
_d1848-1908
245 1 0 _aBygone Punishments
_h[electronic resource] /
_cWilliam Andrews
260 _bProject Gutenberg,
_c2009
506 _aPublic domain in the USA.
516 _aElectronic text
653 _aPunishment
830 0 _aProject Gutenberg
_v29117
856 4 0 _uhttp://www.gutenberg.org/ebooks/29117
942 _cEB
999 _c258372
_d258372